| 000 | 01726cam a22004814i 4500 | ||
|---|---|---|---|
| 003 | PE-LiUPU | ||
| 005 | 20250731173307.0 | ||
| 008 | 150616s1984 miua rb 000 0 eng d | ||
| 020 | _a0801001994 | ||
| 035 | _a(Sirsi) i9780801001994 | ||
| 040 |
_aPE-LiUPU _bspa _cPE-LiUPU _erda |
||
| 049 | _aPRUA | ||
| 082 | 0 | 4 |
_a273.98 _bA17 _221 |
| 100 | 1 |
_aAskew, Thomas A., _eautor. |
|
| 245 | 1 | 4 | _aThe churches and the American experience: ideals and institutions. |
| 264 | 1 |
_aMichigan : _bBaker Book House, _c1984. |
|
| 300 |
_a260 páginas : _bilustraciones ; _c24 centímetros |
||
| 336 |
_atext _2rdacontent |
||
| 337 |
_aunmediated _2rdamedia |
||
| 338 |
_avolume _2rdacarrier |
||
| 504 | _aIncluye bibliografía. | ||
| 505 | 0 | _aThe European legacy -- The formative years (1607-1783) -- The nationalization of the American churches (1784-1860) -- Years of midpassage (1861-1916) -- The churches in modern America (1917-preset). | |
| 526 | _aSEG42 | ||
| 526 | _aSEG41 | ||
| 526 | _aSEG40 | ||
| 526 | _aSEG39 | ||
| 526 | _aP94 | ||
| 526 | _aP87 | ||
| 526 | _aP86 | ||
| 526 | _aP85 | ||
| 526 | _aP77 | ||
| 526 | _aP76 | ||
| 526 | _aP35 | ||
| 650 | 0 | 4 | _aIGLESIA - HISTORIA - EDAD MODERNA (1500). |
| 700 | 1 | _aSpellman, Peter W. | |
| 910 |
_ajck _bjvq _cjck |
||
| 942 |
_2ddc _cBOOK |
||
| 949 |
_a273.98 A17 _wDEWEY _c1 _i10844 _lCCODEBUL1 _mBUL _r0 _sY _tBOOK _u2015-6-16 _xTEOLOGIA _zUNKNOWN _0COMPRA _o.STAFF. Colección Teología |
||
| 994 |
_aC0 _bPEPRU |
||
| 596 | _a1 | ||
| 999 |
_a273.98 A17 _wDEWEY _c44823 _i10844 _f2021-11-11 _g6 _lCCODEBUL1 _mBUL _p3.00 _r0 _sY _tBOOK _u2015-6-16 _xTEOLOGIA _PP35 _0COMPRA _o.STAFF. Colección Teología _d44823 |
||
| 980 |
_81 _gALBERTO SANCHEZ Responsable de Automatización |
||